Coaching: paso a paso, métodos que funcionan (Registro nro. 589)
[ vista simple ]
| 000 -Cabecera | |
|---|---|
| Campo de control de longitud fija | 00837aam a2200325 4500 |
| 005 - Fecha y hora de la última transacción | |
| Campo de control | 20241129151155.0 |
| 008 - Elementos de longitud fija--Información general | |
| Campo de control de longitud fija | 150818b xxu||||| |||| 00| 0 spa d |
| 041 ## - Idioma | |
| Código de idioma | |
| 082 ## - Clasificación Decimal Dewey | |
| Número de clasificación | 658.312.404 L525c |
| 100 ## - Entrada principal--Autor personal | |
| Nombre personal | Leibling, Mike |
| 9 (RLIN) | 18819 |
| 100 ## - Entrada principal--Autor personal | |
| Nombre personal | Prior, Robin |
| 9 (RLIN) | 18820 |
| 245 ## - Título propiamente dicho | |
| Título | Coaching: paso a paso, métodos que funcionan |
| 260 ## - Pie de imprenta | |
| Lugar de publicación, distribución, etc. | España |
| 260 ## - Pie de imprenta | |
| Nombre del editor, distribuidor, etc. | Gestion 2000 |
| 260 ## - Pie de imprenta | |
| Fecha de publicación, distribución, etc. | 2003 |
| 300 ## - Descripción física | |
| Extensión | 190 páginas |
| 650 ## - Materia general | |
| Temática (materia general) | ADMINISTRACIÓN DE PERSONAL |
| 650 ## - Materia general | |
| Temática (materia general) | COACHING |
| 650 ## - Materia general | |
| Temática (materia general) | ORIENTACIÓN |
| 650 ## - Materia general | |
| Temática (materia general) | COACHING EN EL TRABAJO |
| 650 ## - Materia general | |
| Temática (materia general) | TÉCNICA ABC |
| 650 ## - Materia general | |
| Temática (materia general) | CAPACITACIÓN DE PERSONAL |
| 650 ## - Materia general | |
| Temática (materia general) | LIDERAZGO |
| 650 ## - Materia general | |
| Temática (materia general) | DESARROLLO PERSONAL |
| 650 ## - Materia general | |
| Temática (materia general) | MOTIVACIÓN |
| 650 ## - Materia general | |
| Temática (materia general) | ESTRATEGIA |
| 650 ## - Materia general | |
| Temática (materia general) | COMPUTADORES |
| 942 ## - Punto de acceso adicional KOHA | |
| Tipo de ítem KOHA | Libro |
| Fuente del sistema de clasificación o colocación | Dewey Decimal Classification |
| Signatura completa | Código de barras | Programa Académico | Tipo de ítem |
|---|---|---|---|
| 658.312.404 L525c | 11173 | Libro |